000 01674cam a2200397 a 4500
001 000011878
005 20200929162613.0
008 021107s2003 mauab i 001 0 spa
010 _a2002043118
020 _a0072493143 (instructor's ed. : alk. paper)
020 _a0072492597 (student ed. : alk. paper)
040 _aDO-SdBNP
_cDLC
_dDLC
041 0 _aspaeng
042 _apcc
050 0 0 _aPC4129.E5
_bM45 2003
100 1 _aMedina, Cynthia B.
_928074
245 1 0 _aNuevos destinos :
_bSpanish in review /
_cCynthia B. Medina ; contributing writers, Carlos Enrique Ibarra Cantu, Norma Rivera-Hernandez.
246 3 0 _aDestinos
250 _a2nd ed.
260 _aBoston :
_bMcGraw-Hill,
_cc2003.
300 _axx, 324, 39 p. :
_bill. (some col.), col. maps ;
_c26 cm.
500 _a"This is an EBI book" -- T.p. verso.
500 _a"Instructor's ed. [by] Rodney Bransdorfer."
500 _aRev. ed. of: Destinos / Bill VanPatten, Martha Alford Marks, Richard V. Teschner. c1991.
500 _aIncludes index.
650 0 _aSpanish language
_vTextbooks for foreign speakers
_xEnglish.
_95097
700 1 _aIbarra Cantu, Carlos Enrique.
_928075
700 1 _aRivera-Hernandez, Norma.
_928076
700 1 _aBransdorfer, Rodney.
_928077
700 1 _aVanPatten, Bill.
_tDestinos.
_928078
856 4 1 _3Table of contents
_uhttp://www.loc.gov/catdir/toc/mh031/2002043118.html
856 4 2 _3Publisher description
_uhttp://www.loc.gov/catdir/description/mh031/2002043118.html
856 4 2 _3Contributor biographical information
_uhttp://www.loc.gov/catdir/enhancements/fy0737/2002043118-b.html
910 _aCatalogación derivada
082 0 0 _a468.2/421
_221
999 _c11550
_d11550